| 000 | 00500nam a2200157 i 4500 | ||
|---|---|---|---|
| 001 | 89541 | ||
| 003 | ES-MaACL | ||
| 005 | 20230906180219.0 | ||
| 007 | t| | ||
| 008 | 050111s1902 fr ||||1| fre d | ||
| 100 | 1 |
_aLa Sizeranne, Robert de. _969181 |
|
| 245 | 1 | 3 |
_aLe miroir de la vie _b: essais sur l'evolution esthétique / _cRobert de La Sizeranne. |
| 260 |
_a[S.l. : _bs.n., _c1902] ( _eCouloummiers : _fPaul Brodard) |
||
| 300 |
_aXXXIX, 280 p., 16 lám. ; _c19 cm. |
||
| 852 |
_aES-MaACL _jF-7915 |
||
| 999 |
_c89541 _d89541 |
||